Responses for Show #7795 - Friday, June 29, 2018

Contestants

[<< previous game]

Nick Hurwitz, a writer from Los Angeles, California

Ruth Payne, a law school career counselor from Charlottesville, Virginia

Scott McFadden, a librarian from Muncie, Indiana (whose 2-day cash winnings total $59,602)

[next game >>]

Jeopardy! Round responses

BIRTH OF A SALESMAN
OLYMPIC HOST CITIES
MULTIPLE A's
HISTORIC LOSERS
TV SHOW ENCYCLOPEDIAS & COMPANIONS
ON THE PLAYGROUND
    $200 11
McDonald's

Ruth
    $200 1
Beijing

Nick
    $200 6
bonds

Nick
    $200 26
1066

Ruth
    $200 21
The Big Bang Theory

Nick
    $200 16
(Scott: What are child seats?)

bucket seats

ScottRuth
    $400 12
insurance

Scott
    $400 2
Athens

Ruth
    $400 7
air-to-air missile

Scott
    $400 27
[The end-of-round signal sounds.]

McClellan

Scott
    $400 22
Rod Serling

Scott
    $400 17
a jungle gym

Scott
    $600 13
the Encyclopedia Britannica

Nick
    $600 3
Chariots of Fire

Ruth
    $600 8
(Ruth: What is Alarcon?)

Alcoa

Ruth
Triple Stumper
    $600 23
(Ruth: What is Star Trek?)

the Enterprise

RuthNick
    $600 18
slides

Triple Stumper
    $800 14
Jack LaLanne

Scott
    $800 4
Montreal

Nick
    $800 9
associate of arts

Scott
    $800 24
(Alex: Less than a minute now.)

Adventure Time

Nick
    $800 19
a seesaw

Ruth
    $1000 15
(Ron) Popeil

Ruth
    $1000 5
Herb Brooks

Triple Stumper
    $1000 10
(Ruth: What is [**]?)
(Nick: What is [***]?)
[Both responses were originally ruled incorrect, then ruled correct during the contestant interviews.]

rainfall (or return or revenue)

ScottRuthNick
    $1,000 25
(Nick: What is Gilligan's Island?)

The Dick Van Dyke Show

Nick
    $1000 20
geodesic domes

Scott

Scores at the first commercial break (after clue 15):

Scott Ruth Nick
$3,400 $2,600 $2,800

Scores at the end of the Jeopardy! Round:

Scott Ruth Nick
$5,400 $3,200 $3,400

Double Jeopardy! Round responses

DEATH OF A SALESMAN
FROM THE GREEK
BURNIN' LOVE SONGS
OUR FEATHERED FRIENDS
CLOTHING IN THE MIDDLE AGES
TRY "ME" A RIVER
    $400 9
(Arthur) Miller

Ruth
    $400 4
a euphemism

Nick
    $400 26
"Ring Of Fire"

Scott
    $400 1
a peahen

Ruth
    $400 16
the neck

Triple Stumper
    $400 20
the Mekong

Nick
    $800 10
the American dream

Ruth
    $800 5
a sapphire

Ruth
    $800 27
"Light My Fire"

Ruth
    $800 2
a phoebe

Ruth
    $800 17
(Scott: What is a tent?)

a kennel

ScottRuth
    $800 22
(Nick: [*].)
(Alex: ...No.)

Mersey

RuthNick
    $1200 11
Brian Dennehy

Scott
    $1200 6
numismatics

Scott
    $1200 28
flames

Ruth
    $1200 3
Goldeneye

Nick
    $1200 18
silk

Scott
    $1200 23
the Meuse

Scott
    $1600 12
Biff

Scott
    $1600 7
meme

Scott
    $1600 29
"Set Fire To The Rain"

Triple Stumper
    $1600 14
the finch

Triple Stumper
    $1600 19
a sword

Ruth
    $3,000 24
(Alex: Less than a minute now.)

the Merrimack

Scott
    $2000 13
Fredric March

Scott
    $3,000 8
xenon

Scott
    $2000 30
Faith Evans

Triple Stumper
    $2000 15
filter feeders

Scott
    $2000 21
a mantle

Triple Stumper
    $2000 25
Meander

Ruth

Scores at the end of the Double Jeopardy! Round:

Scott Ruth Nick
$23,000 $13,600 $4,600

[wagering suggestions for these scores]

Final Jeopardy! Round responses

18th CENTURY NOTABLES
NickWho is Someone who might have answered this question &9786;
$1,000
RuthWho is Rasputin
$13,400
ScottWho was ?
$4,201
Wolfgang Amadeus Mozart

Final scores:

Scott Ruth Nick
$18,799 $200 $3,600
3-day champion: $78,401 3rd place: $1,000 2nd place: $2,000

Game dynamics:

Coryat scores:

Scott Ruth Nick
$20,600 $13,600 $5,600
20 R
(including 2 DDs),
2 W
19 R,
2 W
11 R,
2 W
(including 1 DD)

Combined Coryat: $39,800

[game clues] [game scores] [suggest correction]

Game tape date: 2018-02-21
The J! Archive is created by fans, for fans. Scraping, republication, monetization, and malicious use prohibited; this site may use cookies and collect identifying information. See terms. The Jeopardy! game show and all elements thereof, including but not limited to copyright and trademark thereto, are the property of Jeopardy Productions, Inc. and are protected under law. This website is not affiliated with, sponsored by, or operated by Jeopardy Productions, Inc. Join the discussion at JBoard.tv.